[Event "Grenzturnering Basis 1516"]
[Site "Denmark"]
[Date "2015.11.17"]
[Round "2"]
[White "Sorensen, Helge"]
[Black "Heremec, Adis"]
[Result "1/2-1/2"]
[WhiteElo "1577"]
[BlackElo "1257"]
[PlyCount "81"]
[EventDate "2015.10.20"]
[EventType "tourn"]
[EventRounds "9"]
[EventCountry "DEN"]
[SourceTitle "EXT 2023"]
[Source "ChessBase"]
[SourceDate "2022.10.05"]
[SourceVersion "1"]
[SourceVersionDate "2022.10.05"]
[SourceQuality "1"]

1. e4 e5 2. Nc3 Nf6 3. Nf3 d6 4. d4 exd4 5. Nxd4 h6 6. h3 Be7 7. Be3 a6 8. Qd2 Be6 9. Nxe6 fxe6 10. Bc4 Nxe4 11. Qd3 d5 12. Nxd5 exd5 13. Bxd5 Nd6 14. Qg6+ Kf8 15. 0-0-0 Qe8 16. Qg3 Qb5 17. Bd4 Bf6 18. Bxf6 gxf6 19. Qg6 Nd7 20. Rhe1 Ne5 21. Qxf6+ Nef7 22. Re7 Rh7 23. Rd3 Re8 24. Rxe8+ Qxe8 25. Re3 Qd8 26. Qf4 Qg5 27. Qxg5 Nxg5 28. f4 Ngf7 29. g4 Nd8 30. f5 Re7 31. Kd2 c6 32. Bb3 Rxe3 33. Kxe3 Kg7 34. Kf4 Kf6 35. h4 c5 36. Bd5 b5 37. g5+ hxg5+ 38. hxg5+ Kg7 39. Ke5 N6f7+ 40. Kf4 Nd6 41. Ke5 1/2-1/2

[Event "Grenzturnering-B 1415"]
[Site "Denmark"]
[Date "2015.04.27"]
[Round "7"]
[White "Heremec, Adis"]
[Black "Sorensen, Helge"]
[Result "0-1"]
[WhiteElo "1000"]
[BlackElo "1636"]
[PlyCount "56"]
[EventDate "2014.09.23"]
[EventType "swiss"]
[EventRounds "7"]
[EventCountry "DEN"]
[SourceTitle "EXT 2023"]
[Source "ChessBase"]
[SourceDate "2022.10.05"]
[SourceVersion "1"]
[SourceVersionDate "2022.10.05"]
[SourceQuality "1"]

1. d4 Nf6 2. c4 e6 3. Nf3 d5 4. cxd5 exd5 5. g3 Bd6 6. Bg2 0-0 7. 0-0 Bg4 8. Nc3 c6 9. h3 Bf5 10. Bd2 Nbd7 11. Qc1 Re8 12. g4 Be6 13. Bf4 Qc7 14. Bxd6 Qxd6 15. Ng5 Nf8 16. Nxe6 Rxe6 17. e3 Ng6 18. Ne2 Rae8 19. Qc5 Qb8 20. Ng3 Nh4 21. Qc2 Ne4 22. Nxe4 dxe4 23. Qe2 Rh6 24. g5 Nf3+ 25. Bxf3 Rxh3 26. Rfc1 Qh2+ 27. Kf1 exf3 28. Qe1 Qh1# 0-1